Acknowledging racism and state transformation in postwar Guatemalan society /
Sparad:
| Huvudupphovsman: | |
|---|---|
| Materialtyp: | Text |
| Taggar: |
Lägg till en tagg
Inga taggar, Lägg till första taggen!
|
MARC
| LEADER | 00000 a a2200000 04500 | ||
|---|---|---|---|
| 001 | 46374 | ||
| 003 | |||
| 040 | |||
| 100 | |a Dary Fuentes, Claudia | ||
| 245 | |a Acknowledging racism and state transformation in postwar Guatemalan society / |c Claudia Dary Fuentes | ||
| 773 | |g páginas 131-145 | ||
| 999 | |c 32354 |d 32354 | ||
